书目信息 |
| 题名: |
玛雅金字塔的秘密
|
|
| 作者: | 沈正柔 著 | |
| 分册: | ||
| 出版信息: | 北京 人民邮电出版社 2013.01 |
|
| 页数: | 237页 | |
| 开本: | 21cm | |
| 丛书名: | 不倦的旅人 | |
| 单 册: | ||
| 中图分类: | K973.19 | |
| 科图分类: | ||
| 主题词: | 旅游指南--墨西哥 , 旅游指南 | |
| 电子资源: | ||
| ISBN: | 978-7-115-30013-3 | |
| 000 | 00992oam2 2200313 450 | |
| 001 | 012013011448 | |
| 005 | 20130608093001.34 | |
| 010 | @a978-7-115-30013-3@dCNY48.00 | |
| 035 | @a(SG02)012011163368 | |
| 100 | @a20130128d2013 em y0chiy50 ea | |
| 101 | 0 | @achi |
| 102 | @aCN@b110000 | |
| 105 | @aab z 000yy | |
| 106 | @ar | |
| 200 | 1 | @a玛雅金字塔的秘密@9ma ya jin zi ta de mi mi@e你不可不知的墨西哥@f沈正柔著 |
| 205 | @a2版 | |
| 210 | @a北京@c人民邮电出版社@d2013.01 | |
| 215 | @a237页@c照片,地图@d21cm | |
| 225 | 2 | @a不倦的旅人 |
| 305 | @a经城邦文化事业股份有限公司墨刻出版事业部独家授权 | |
| 330 | @a本书分生活记趣、文明寻迹、玛雅探奇、城镇掠影、自然访胜五部分,介绍了墨西哥的旅游攻略。 | |
| 461 | 0 | @12001 @a不倦的旅人 |
| 517 | 1 | @a你不可不知的墨西哥@9ni bu ke bu zhi de mo xi ge |
| 606 | 0 | @a旅游指南@y墨西哥 |
| 606 | 0 | @a旅游指南 |
| 690 | @aK973.19@v5 | |
| 701 | 0 | @a沈正柔@9shen zheng rou@4著 |
| 801 | 0 | @aCN@b人天书店@c20130128 |
| 905 | @dK973.19@e214 | |
| 玛雅金字塔的秘密:你不可不知的墨西哥/沈正柔著.-2版.-北京:人民邮电出版社,2013.01 |
| 237页:照片,地图;21cm.-(不倦的旅人) |
| ISBN 978-7-115-30013-3:CNY48.00 |
| 本书分生活记趣、文明寻迹、玛雅探奇、城镇掠影、自然访胜五部分,介绍了墨西哥的旅游攻略。 |
| ● |
| 相关链接 |
|
|
|
|
正题名:玛雅金字塔的秘密
索取号:K973.19/214
 
预约/预借
| 序号 | 登录号 | 条形码 | 馆藏地/架位号 | 状态 | 备注 |
| 1 | 0544174 | 205441743 | 第二样本阅览室/ [索取号:K973.19/214] | 在馆 | |
| 2 | 0544175 | 205441752 | 第二借阅区/ [索取号:K973.19/214] | 在馆 | |
| 3 | 0544176 | 205441761 | 第二借阅区/ [索取号:K973.19/214] | 在馆 | |
| 4 | 0544177 | 205441770 | 密集书库-资源管理系/ [索取号:K973.19/214] | 在馆 | |
| 5 | 0544178 | 205441789 | 第二借阅区/ [索取号:K973.19/214] | 在馆 |